Central Library OPAC University of Rajshahi

Principles of organic chemistry / (Record no. 53745)

MARC details
000 -LEADER
fixed length control field 00666nam a2200241 a 4500
001 - CONTROL NUMBER
control field 53745
003 - CONTROL NUMBER IDENTIFIER
rucl marc code BD-RjUL
005 - DATE AND TIME OF LATEST TRANSACTION
control field 20211209080020.0
008 - FIXED-LENGTH DATA ELEMENTS--GENERAL INFORMATION
fixed length control field 161024s1959 enka b 001 0 eng d
035 ## - SYSTEM CONTROL NUMBER
System control number (BD-RjUL)53867
040 ## - CATALOGING SOURCE
Original cataloging agency DLC
Transcribing agency DLC
Modifying agency DLC
-- (BD-RjUL)
Language of cataloging eng
041 ## - LANGUAGE CODE
Language code of text/sound track or separate title eng
082 00 - DEWEY DECIMAL CLASSIFICATION NUMBER
Classification number 547
Author mark and year ENP 1959
Edition number 23
100 1# - MAIN ENTRY--PERSONAL NAME
Personal name Geissman, T A
Dates associated with a name 1912-
9 (RLIN) 31787
245 10 - TITLE STATEMENT
Title Principles of organic chemistry /
Statement of responsibility, etc. T A Geissman
250 ## - EDITION STATEMENT
Edition statement 2nd ed.
260 ## - PUBLICATION, DISTRIBUTION, ETC. (IMPRINT)
Place of publication, distribution, etc. New York :
Name of publisher, distributor, etc. McGraw-Hill ;
Date of publication, distribution, etc. c1959
300 ## - PHYSICAL DESCRIPTION
Pagination viii, 634 p. ;
Illustrations ill, ;
Size 23 cm.
500 ## - GENERAL NOTE
General note Includes index
650 #0 - SUBJECT ADDED ENTRY--TOPICAL TERM
Topical term or geographic name as entry element Chemistry, Organic.
9 (RLIN) 31788
942 ## - ADDED ENTRY ELEMENTS (KOHA)
Source of classification or shelving scheme Dewey Decimal Classification
Koha item type Books
Holdings
Lost status Source of classification or shelving scheme Damaged status Not for loan Collection code Permanent Location Current Location Shelving location Date acquired Source of acquisition Total Checkouts Full call number Date last seen Copy number Koha item type
  Dewey Decimal Classification     Non-fiction Central Library, University of Rajshahi Central Library, University of Rajshahi   24/11/1966 Asia foundation   547 ENP 1959 24/10/2016 C-2 Books